[Event "Nordisk Mesterskab 1999"]
[Site "Gentofte"]
[Date "1999.08.06"]
[Round "1"]
[White "Akesson, Ralf"]
[Black "Olafsson, Helgi"]
[Result "1/2-1/2"]
[WhiteElo "2535"]
[BlackElo "2494"]
[PlyCount "45"]
[EventDate "1999.08.06"]
[EventType "tourn"]
[EventRounds "13"]
[EventCountry "DEN"]

1. d4 Nf6 2. c4 e6 3. Nc3 Bb4 4. Qc2 d5 5. cxd5 Qxd5 6. Nf3 Qf5 7. Qxf5 exf5 8.
a3 Be7 9. Bf4 c6 10. e3 Be6 11. Bd3 Nbd7 12. Ng5 Nh5 13. Nxe6 fxe6 14. Ne2 Kf7
15. Bc7 Bd8 16. Bd6 Be7 17. Bxe7 Kxe7 18. h3 Nhf6 19. Rg1 Rhd8 20. g4 g6 21.
gxf5 exf5 22. O-O-O c5 23. Bc2 1/2-1/2

[Event "Nordisk Mesterskab 1999"]
[Site "Gentofte"]
[Date "1999.08.06"]
[Round "1"]
[White "Gausel, Einar"]
[Black "Hansen, Torbjorn Ringdal"]
[Result "1/2-1/2"]
[WhiteElo "2500"]
[BlackElo "2259"]
[PlyCount "84"]
[EventDate "1999.08.06"]
[EventType "tourn"]
[EventRounds "13"]
[EventCountry "DEN"]

1. d4 Nf6 2. Nf3 e6 3. e3 b6 4. Bd3 Bb7 5. O-O Be7 6. c4 O-O 7. Nc3 d5 8. cxd5
exd5 9. b3 Nbd7 10. Bb2 Re8 11. Rc1 c6 12. Ne5 Nxe5 13. dxe5 Nd7 14. f4 Nf8 15.
Qf3 f6 16. Ne2 Kh8 17. Nd4 Bc5 18. b4 Bxd4 19. Bxd4 Qe7 20. Qh3 Rad8 21. Rf3
Qf7 22. g4 fxe5 23. fxe5 Qg8 24. Qh4 c5 25. bxc5 bxc5 26. Rxc5 Ne6 27. Rc1 Rf8
28. Rcf1 h6 29. Bf5 Bc8 30. Bxa7 d4 31. Bb6 Rde8 32. exd4 Ng5 33. Qxg5 Bxf5 34.
Qf4 g5 35. Qg3 Be4 36. Rf6 Rxf6 37. Rxf6 Qxa2 38. Bc5 Rb8 39. Rf8+ Rxf8 40.
Bxf8 Qa1+ 41. Kf2 Qxd4+ 42. Ke1 Bd5 1/2-1/2

[Event "Nordisk Mesterskab 1999"]
[Site "Gentofte"]
[Date "1999.08.06"]
[Round "1"]
[White "Olsen, Heini"]
[Black "Persson, Tiger Hillarp"]
[Result "0-1"]
[WhiteElo "2292"]
[BlackElo "2507"]
[PlyCount "86"]
[EventDate "1999.08.06"]
[EventType "tourn"]
[EventRounds "13"]
[EventCountry "DEN"]

1. d4 d5 2. Nf3 Nf6 3. c4 c6 4. Nc3 dxc4 5. e3 b5 6. a4 b4 7. Nb1 Ba6 8. Be2 c5
9. Ne5 e6 10. O-O Be7 11. dxc5 Qxd1 12. Rxd1 Nbd7 13. Nxc4 Nxc5 14. Nbd2 O-O
15. Kf1 Rfd8 16. Ne5 Rac8 17. Bxa6 Nxa6 18. Ke2 Nc5 19. Ndc4 Rxd1 20. Kxd1 Nb3
21. Rb1 Ne4 22. f3 Nd6 23. Nd2 Nc5 24. b3 f6 25. Ng4 Nd3 26. e4 f5 27. exf5
exf5 28. Ne3 Bg5 29. Ndf1 f4 30. Nc2 Nf5 31. Bd2 a5 32. Ne1 Nc5 33. Rc1 Ne7 34.
g3 Nxb3 35. Rxc8+ Nxc8 36. gxf4 Bf6 37. Ne3 Nb6 38. N1c2 Nc5 39. Nxb4 axb4 40.
Bxb4 Ncxa4 41. Ke2 Kf7 42. Kd3 Ke6 43. Ng4 Nd5 0-1

[Event "Nordisk Mesterskab 1999"]
[Site "Gentofte"]
[Date "1999.08.07"]
[Round "2"]
[White "Gunnarsson, Jon Viktor"]
[Black "Olsen, Heini"]
[Result "1/2-1/2"]
[WhiteElo "2411"]
[BlackElo "2292"]
[PlyCount "75"]
[EventDate "1999.08.06"]
[EventType "tourn"]
[EventRounds "13"]
[EventCountry "DEN"]

1. e4 e5 2. Nf3 Nc6 3. Bc4 Nf6 4. d3 Be7 5. O-O O-O 6. c3 d6 7. Bb3 Na5 8. Bc2
c5 9. Nbd2 Nc6 10. Re1 Re8 11. Nf1 h6 12. h3 Bf8 13. d4 Qc7 14. Ne3 exd4 15.
cxd4 Nxd4 16. Nxd4 cxd4 17. Qxd4 d5 18. exd5 Rxe3 19. Bxe3 Qxc2 20. Bxh6 Bxh3
21. Re3 Bf5 22. Rg3 Bg6 23. Be3 Bd6 24. Rf3 Re8 25. Qxa7 Qxb2 26. Qd4 Qc2 27.
Qd2 Qe4 28. Bf4 Bb4 29. Qb2 Nxd5 30. Bd2 Bd6 31. Qxb7 Qd4 32. Re1 Rxe1+ 33.
Bxe1 Qd1 34. Qa8+ Bf8 35. Qa5 Bb4 36. Qa8+ Bf8 37. Qa5 Bb4 38. Qa8+ 1/2-1/2

[Event "Nordisk Mesterskab 1999"]
[Site "Gentofte"]
[Date "1999.08.07"]
[Round "2"]
[White "Agdestein, Simen"]
[Black "Hector, Jonny"]
[Result "1-0"]
[WhiteElo "2580"]
[BlackElo "2505"]
[PlyCount "117"]
[EventDate "1999.08.06"]
[EventType "tourn"]
[EventRounds "13"]
[EventCountry "DEN"]

1. d4 d5 2. c4 c6 3. Nf3 Nf6 4. Nc3 dxc4 5. a4 Bf5 6. Nh4 Bg6 7. Nxg6 hxg6 8.
e3 Qc7 9. g3 e6 10. Bxc4 Bb4 11. Qb3 a5 12. O-O Nbd7 13. e4 O-O-O 14. Bf4 e5
15. dxe5 Nxe5 16. Rac1 Nf3+ 17. Kg2 Qd7 18. Kxf3 Rxh2 19. Ke2 g5 20. Be3 Nxe4
21. Ke1 Nd2 22. Rd1 Nf3+ 23. Ke2 Qg4 24. Rxd8+ Kxd8 25. Qd1+ Kc8 26. Bd3 Rh8
27. Qb1 g6 28. Kd1 Nh2+ 29. Be2 Qd7+ 30. Kc2 Nxf1 31. Qxf1 Rd8 32. Bc4 Qe7 33.
Kb3 f5 34. Qc1 f4 35. gxf4 gxf4 36. Bxf4 Rf8 37. Bg5 Qe5 38. f4 Qc5 39. Qe1 Kb8
40. Qe4 Ka8 41. Qxg6 Rb8 42. Qd3 Bxc3 43. Qxc3 Re8 44. Bd3 Qd5+ 45. Qc4 Qg2 46.
Qd4 Qd2 47. Qc3 Qd1+ 48. Qc2 Qg4 49. Ka2 Re1 50. Qc5 Qd1 51. Qxa5+ Kb8 52. Qd8+
Ka7 53. Qa5+ Kb8 54. f5 Qa1+ 55. Kb3 Qd1+ 56. Kc3 Qf3 57. Qd8+ Ka7 58. Qd4+ Ka8
59. Bf4 1-0

[Event "Nordisk Mesterskab 1999"]
[Site "Gentofte"]
[Date "1999.08.07"]
[Round "2"]
[White "Hansen, Torbjorn Ringdal"]
[Black "Gretarsson, Helgi Ass"]
[Result "0-1"]
[WhiteElo "2259"]
[BlackElo "2521"]
[PlyCount "60"]
[EventDate "1999.08.06"]
[EventType "tourn"]
[EventRounds "13"]
[EventCountry "DEN"]

1. c4 e5 2. Nc3 Bb4 3. Qc2 Nf6 4. Nf3 Nc6 5. e3 O-O 6. Nd5 Re8 7. Qf5 d6 8.
Nxf6+ Qxf6 9. Qxf6 gxf6 10. a3 Bc5 11. b4 Bb6 12. d3 f5 13. g3 e4 14. Nh4 exd3
15. Bxd3 a5 16. c5 dxc5 17. bxc5 Bxc5 18. Nxf5 Ne5 19. Bc2 Bd7 20. O-O Bc6 21.
Nh4 Rad8 22. h3 Be7 23. Ng2 Nf3+ 24. Kh1 Nd2 25. Rd1 Ne4 26. Rxd8 Rxd8 27. Kg1
Bf6 28. Rb1 Nc3 29. Bb2 Nxb1 30. Bxf6 Rd2 0-1

[Event "Nordisk Mesterskab 1999"]
[Site "Gentofte"]
[Date "1999.08.07"]
[Round "2"]
[White "Schandorff, Lars"]
[Black "Olafsson, Helgi"]
[Result "1/2-1/2"]
[WhiteElo "2514"]
[BlackElo "2494"]
[PlyCount "61"]
[EventDate "1999.08.06"]
[EventType "tourn"]
[EventRounds "13"]
[EventCountry "DEN"]

1. d4 Nf6 2. c4 e6 3. Nc3 Bb4 4. Qc2 O-O 5. a3 Bxc3+ 6. Qxc3 b6 7. Bg5 Bb7 8.
f3 h6 9. Bh4 d5 10. e3 Nbd7 11. cxd5 Nxd5 12. Bxd8 Nxc3 13. Bh4 Nd5 14. Bf2 f5
15. Bb5 c6 16. Bd3 e5 17. Ne2 Rae8 18. Rc1 exd4 19. exd4 Nf4 20. Bc4+ Kh7 21.
Kd2 Nxe2 22. Bxe2 Nf6 23. Rhe1 Nd5 24. Bd3 g6 25. Bc4 Rxe1 26. Rxe1 Kg7 27. Re5
Kf6 28. Bh4+ g5 29. Bf2 Rd8 30. Re1 Bc8 31. Bxd5 1/2-1/2

[Event "Nordisk Mesterskab 1999"]
[Site "Gentofte"]
[Date "1999.08.08"]
[Round "3"]
[White "Olsen, Heini"]
[Black "Agdestein, Simen"]
[Result "0-1"]
[WhiteElo "2292"]
[BlackElo "2580"]
[PlyCount "76"]
[EventDate "1999.08.06"]
[EventType "tourn"]
[EventRounds "13"]
[EventCountry "DEN"]

1. d4 Nf6 2. c4 e6 3. Nf3 b6 4. g3 Ba6 5. Nbd2 Bb4 6. Qc2 Bb7 7. Bg2 Be4 8. Qb3
Bxd2+ 9. Bxd2 d6 10. O-O O-O 11. Rfd1 Nbd7 12. Rac1 h6 13. Qe3 a5 14. Bc3 Re8
15. Bh3 Bh7 16. Bg2 c6 17. Nd2 Rc8 18. Nf1 d5 19. b3 Ne4 20. Nd2 Nd6 21. Qf4
Nf6 22. Bb2 Nf5 23. e4 g5 24. Qf3 dxe4 25. Nxe4 Nxe4 26. Qxe4 Nxg3 27. Qe5 Nh5
28. d5 f6 29. Qd4 cxd5 30. cxd5 Rxc1 31. Rxc1 e5 32. Qc4 Kh8 33. Qc6 Nf4 34.
Bf3 g4 35. d6 gxf3 36. d7 Rg8+ 37. Kh1 Nd3 38. Rc2 Rg1+ 0-1

[Event "Nordisk Mesterskab 1999"]
[Site "Gentofte"]
[Date "1999.08.08"]
[Round "3"]
[White "Akesson, Ralf"]
[Black "Gunnarsson, Jon Viktor"]
[Result "0-1"]
[WhiteElo "2535"]
[BlackElo "2411"]
[PlyCount "84"]
[EventDate "1999.08.06"]
[EventType "tourn"]
[EventRounds "13"]
[EventCountry "DEN"]

1. d4 Nf6 2. c4 c5 3. d5 b5 4. cxb5 a6 5. bxa6 g6 6. Nc3 Bxa6 7. e4 Bxf1 8.
Kxf1 d6 9. g3 Bg7 10. Kg2 O-O 11. Nge2 Nbd7 12. Qc2 Ra6 13. a4 Qa8 14. Nb5 Rc8
15. Nec3 Ne8 16. h4 h5 17. Bg5 Kf8 18. Ra3 Nb6 19. Rha1 Nf6 20. Qe2 Nbd7 21. f3
c4 22. Be3 Ne5 23. Bd4 Nfd7 24. Nd1 Nb6 25. a5 Nbd7 26. Nf2 Qb7 27. Nc3 Nd3 28.
Bxg7+ Kxg7 29. Nxd3 cxd3 30. Qxd3 Qxb2+ 31. Kh3 Nc5 32. Qb5 Qf2 33. Rf1 Qe3 34.
Nb1 Qd4 35. Rc3 Rca8 36. Ra3 R8a7 37. Rc1 Rb7 38. Qe2 Rb2 39. Qf1 Rf2 40. Qd1
Qb2 41. Qg1 Rh2+ 42. Qxh2 Qxc1 0-1

[Event "Nordisk Mesterskab 1999"]
[Site "Gentofte"]
[Date "1999.08.08"]
[Round "3"]
[White "Hansen, Sune Berg"]
[Black "Hansen, Torbjorn Ringdal"]
[Result "1-0"]
[WhiteElo "2558"]
[BlackElo "2259"]
[PlyCount "79"]
[EventDate "1999.08.06"]
[EventType "tourn"]
[EventRounds "13"]
[EventCountry "DEN"]

1. e4 c6 2. c4 d5 3. exd5 cxd5 4. cxd5 Nf6 5. Nc3 g6 6. Nf3 Bg7 7. Bc4 O-O 8.
O-O Nbd7 9. d3 Nb6 10. Qb3 Bf5 11. Re1 Rc8 12. Bf4 Nfd7 13. Bg5 Nc5 14. Qd1
Nxc4 15. dxc4 Nd3 16. Bxe7 Qb6 17. Qd2 Nxe1 18. Rxe1 Rfe8 19. d6 Qc6 20. b3
Rcd8 21. Nd5 Rxd6 22. Bxd6 Rxe1+ 23. Qxe1 Qxd6 24. Ne7+ Kf8 25. Nxf5 gxf5 26.
h3 Bf6 27. Qe2 Qe6 28. Qd2 Qe4 29. Kh2 Ke7 30. Qa5 Kd7 31. Qxa7 Kc6 32. Qa4+
Kc7 33. Qa5+ Kb8 34. Qd2 Kc7 35. Qa5+ Kb8 36. Qe1 Qc6 37. Qe2 h5 38. Ne1 h4 39.
Nd3 Bd8 40. Kg1 1-0

[Event "Nordisk Mesterskab 1999"]
[Site "Gentofte"]
[Date "1999.08.08"]
[Round "3"]
[White "Gausel, Einar"]
[Black "Schandorff, Lars"]
[Result "1/2-1/2"]
[WhiteElo "2500"]
[BlackElo "2514"]
[PlyCount "59"]
[EventDate "1999.08.06"]
[EventType "tourn"]
[EventRounds "13"]
[EventCountry "DEN"]

1. d4 Nf6 2. c4 g6 3. Nc3 d5 4. Nf3 Bg7 5. cxd5 Nxd5 6. e4 Nxc3 7. bxc3 O-O 8.
Be2 c5 9. O-O Bg4 10. Be3 Nd7 11. Rb1 Qc7 12. Qb3 Rab8 13. a4 a6 14. Rfc1 e6
15. h3 Bxf3 16. Bxf3 b5 17. axb5 axb5 18. e5 Rfc8 19. Be2 c4 20. Qc2 Bf8 21. h4
Ba3 22. Rd1 b4 23. cxb4 Rxb4 24. Qa2 Rxb1 25. Rxb1 Be7 26. Qxc4 Qxc4 27. Bxc4
Rxc4 28. Rb7 Bxh4 29. Rxd7 Kf8 30. d5 1/2-1/2

[Event "Nordisk Mesterskab 1999"]
[Site "Gentofte"]
[Date "1999.08.08"]
[Round "3"]
[White "Olafsson, Helgi"]
[Black "Persson, Tiger Hillarp"]
[Result "1/2-1/2"]
[WhiteElo "2494"]
[BlackElo "2507"]
[PlyCount "92"]
[EventDate "1999.08.06"]
[EventType "tourn"]
[EventRounds "13"]
[EventCountry "DEN"]

1. d4 d5 2. c4 c6 3. Nc3 Nf6 4. cxd5 cxd5 5. Bf4 Nc6 6. Nf3 Ne4 7. e3 Nxc3 8.
bxc3 g6 9. Ne5 Nxe5 10. Bxe5 f6 11. Bg3 Bd7 12. Qb3 Bc6 13. Bb5 Qd7 14. Rb1 Rc8
15. Kd2 h5 16. h4 Kf7 17. Bxc6 bxc6 18. Qb7 Qf5 19. Qxa7 Bh6 20. Rb7 Qe4 21.
Qc5 Ra8 22. Ra1 Rhe8 23. Qxc6 Rac8 24. Qb5 Qxg2 25. Re1 Qe4 26. a4 Rc4 27. Rd7
Rec8 28. Qxd5+ Qxd5 29. Rxd5 Rxc3 30. Ra1 Rc2+ 31. Kd3 R8c3+ 32. Ke4 f5+ 33.
Kf3 f4 34. Bxf4 Bxf4 35. Kxf4 Rxf2+ 36. Ke4 Re2 37. Rf1+ Ke8 38. Rf3 Rh2 39.
Rc5 Rxh4+ 40. Kd5 Rxc5+ 41. Kxc5 Rh1 42. a5 Ra1 43. Kb6 Rb1+ 44. Kc6 Ra1 45.
Kb6 Rb1+ 46. Kc6 Ra1 1/2-1/2

[Event "Nordisk Mesterskab 1999"]
[Site "Gentofte"]
[Date "1999.08.08"]
[Round "3"]
[White "Gretarsson, Helgi Ass"]
[Black "Westerinen, Heikki"]
[Result "1/2-1/2"]
[WhiteElo "2521"]
[BlackElo "2382"]
[PlyCount "138"]
[EventDate "1999.08.06"]
[EventType "tourn"]
[EventRounds "13"]
[EventCountry "DEN"]

1. d4 Nf6 2. c4 e6 3. Nf3 b6 4. g3 Bb7 5. Bg2 Bb4+ 6. Bd2 Bxd2+ 7. Qxd2 O-O 8.
O-O d6 9. Nc3 Nbd7 10. d5 e5 11. e4 Nh5 12. Ne1 Qf6 13. Nc2 Rae8 14. Rae1 a6
15. f4 Qh6 16. Ne3 exf4 17. Nf5 Qg6 18. gxf4 Nc5 19. Nd4 Bc8 20. b4 Nd7 21. Nc6
Qh6 22. Qf2 f6 23. Nd4 g5 24. Nce2 Nxf4 25. Nxf4 gxf4 26. Qxf4 Qxf4 27. Rxf4
Ne5 28. Bf1 Ng6 29. Rf2 Kh8 30. c5 bxc5 31. bxc5 dxc5 32. Nb3 f5 33. Nxc5 Rg8
34. Kh1 fxe4 35. Rxe4 Rxe4 36. Nxe4 Bb7 37. Nf6 Rf8 38. Bg2 Kg7 39. Nh5+ Kh6
40. Rxf8 Nxf8 41. Nf6 Kg5 42. Ne8 Kf4 43. Nxc7 Ke5 44. Kg1 a5 45. Kf2 Kd6 46.
Ne8+ Ke7 47. d6+ Kxe8 48. Bxb7 Kd7 49. Ke3 Kxd6 50. Kd4 Ne6+ 51. Kc4 Nc7 52.
Bf3 h6 53. Bh5 Kc6 54. Bf7 Kd6 55. Kd4 Nb5+ 56. Ke4 Ke7 57. Bc4 Nc3+ 58. Kf5
Kf8 59. Kg6 h5 60. h4 a4 61. Kh6 a3 62. Kg6 Na4 63. Kf6 Nc3 64. Bf7 Ne4+ 65.
Kg6 Nc3 66. Bb3 Nb5 67. Kxh5 Kg7 68. Kg5 Nc3 69. h5 Kh7 1/2-1/2

[Event "Nordisk Mesterskab 1999"]
[Site "Gentofte"]
[Date "1999.08.09"]
[Round "4"]
[White "Gunnarsson, Jon Viktor"]
[Black "Olafsson, Helgi"]
[Result "1/2-1/2"]
[WhiteElo "2411"]
[BlackElo "2494"]
[PlyCount "44"]
[EventDate "1999.08.06"]
[EventType "tourn"]
[EventRounds "13"]
[EventCountry "DEN"]

1. e4 c6 2. Nf3 d5 3. Nc3 Bg4 4. h3 Bxf3 5. Qxf3 Nf6 6. d3 e6 7. Be2 Bb4 8. Bd2
d4 9. Nb1 Qb6 10. O-O Bxd2 11. Nxd2 O-O 12. Rab1 Qc7 13. c3 c5 14. cxd4 cxd4
15. Rfc1 Nc6 16. b4 Rfc8 17. Bf1 Qe7 18. a3 Rc7 19. Nb3 Rac8 20. Qd1 Qd6 21.
Qd2 Nd7 22. Be2 g6 1/2-1/2

[Event "Nordisk Mesterskab 1999"]
[Site "Gentofte"]
[Date "1999.08.09"]
[Round "4"]
[White "Schandorff, Lars"]
[Black "Persson, Tiger Hillarp"]
[Result "0-1"]
[WhiteElo "2514"]
[BlackElo "2507"]
[PlyCount "86"]
[EventDate "1999.08.06"]
[EventType "tourn"]
[EventRounds "13"]
[EventCountry "DEN"]

1. c4 Nf6 2. Nc3 e5 3. Nf3 d6 4. d4 Nbd7 5. Bg5 h6 6. Bh4 c6 7. e3 Be7 8. Qc2
Nh5 9. Bxe7 Qxe7 10. O-O-O Nhf6 11. Rg1 e4 12. Nd2 d5 13. Be2 Nb6 14. c5 Nbd7
15. f3 b6 16. fxe4 bxc5 17. e5 Nh7 18. Nf3 O-O 19. Bd3 Ng5 20. h4 Ne6 21. g4
cxd4 22. exd4 Bb7 23. Bf5 c5 24. dxc5 Ndxc5 25. g5 h5 26. g6 fxg6 27. Rxg6 Rxf5
28. Qxf5 Rf8 29. Rxe6 Nxe6 30. Qd3 Rf4 31. Ne2 Rg4 32. Kb1 d4 33. Ka1 Bxf3 34.
Qxf3 Qf7 35. Qd5 Rxh4 36. a3 Rg4 37. Nxd4 Nxd4 38. Rxd4 Qxd5 39. Rxd5 Re4 40.
e6 h4 41. Rh5 g6 42. Rg5 Rxe6 43. Ka2 h3 0-1

[Event "Nordisk Mesterskab 1999"]
[Site "Gentofte"]
[Date "1999.08.09"]
[Round "4"]
[White "Gausel, Einar"]
[Black "Gretarsson, Helgi Ass"]
[Result "1/2-1/2"]
[WhiteElo "2500"]
[BlackElo "2521"]
[PlyCount "82"]
[EventDate "1999.08.06"]
[EventType "tourn"]
[EventRounds "13"]
[EventCountry "DEN"]

1. c4 e5 2. e3 g6 3. d4 exd4 4. exd4 Bg7 5. Nc3 Ne7 6. Nf3 d6 7. h3 O-O 8. d5
Nf5 9. Be2 Nd7 10. Bg5 Bf6 11. Bxf6 Qxf6 12. O-O Ne5 13. Qd2 c5 14. dxc6 bxc6
15. Rad1 Ba6 16. Ne4 Qg7 17. b3 Rad8 18. Qa5 Bc8 19. Qxa7 c5 20. Rfe1 Be6 21.
Nxe5 Qxe5 22. Bf3 Rd7 23. Qa4 Nd4 24. Nd2 Qf6 25. Bd5 Qe7 26. Qa5 Ra7 27. Qb6
Rxa2 28. Nf3 Nxf3+ 29. Bxf3 Rd8 30. Re3 Rd7 31. Qc6 Qd8 32. Qe4 Qf8 33. Qc6 Qd8
34. Rde1 Rc7 35. Qb6 Rc8 36. Qxd8+ Rxd8 37. Rd1 Ra6 38. Bd5 Bxd5 39. Rxd5 Kf8
40. g4 Re8 41. Rxe8+ Kxe8 1/2-1/2

[Event "Nordisk Mesterskab 1999"]
[Site "Gentofte"]
[Date "1999.08.10"]
[Round "5"]
[White "Hector, Jonny"]
[Black "Westerinen, Heikki"]
[Result "1/2-1/2"]
[WhiteElo "2505"]
[BlackElo "2382"]
[PlyCount "99"]
[EventDate "1999.08.06"]
[EventType "tourn"]
[EventRounds "13"]
[EventCountry "DEN"]

1. e4 e6 2. d4 d5 3. Nc3 dxe4 4. Nxe4 Bd7 5. Nf3 Bc6 6. Bd3 Nd7 7. O-O Ngf6 8.
Ned2 Be7 9. Re1 O-O 10. c3 b6 11. a4 a6 12. Qe2 Bb7 13. Nc4 c5 14. dxc5 Nxc5
15. Bc2 Be4 16. Bxe4 Ncxe4 17. Ng5 Nxg5 18. Bxg5 Nd5 19. Bxe7 Qxe7 20. Rad1 Qc7
21. Rd4 b5 22. Ne5 Rab8 23. c4 bxc4 24. Rxc4 Qb7 25. Nc6 Rbc8 26. Rec1 h6 27.
b4 Kh8 28. Qd1 Qb6 29. h3 Rc7 30. a5 Qb7 31. Nd8 Qc8 32. Nc6 Qa8 33. Rc5 Rfc8
34. Ne5 Rxc5 35. bxc5 Kg8 36. c6 Qb8 37. Qd4 Qb5 38. Qa7 Rc7 39. Qa8+ Kh7 40.
Nd7 h5 41. Qe8 Nf4 42. Kh1 Qd5 43. f3 Qg5 44. Rc2 Qf5 45. Rb2 Nd3 46. Rb8 Qf4
47. Qh8+ Kg6 48. Nf8+ Kf6 49. Nh7+ Kg6 50. Nf8+ 1/2-1/2

[Event "Nordisk Mesterskab 1999"]
[Site "Gentofte"]
[Date "1999.08.10"]
[Round "5"]
[White "Hansen, Sune Berg"]
[Black "Gausel, Einar"]
[Result "1-0"]
[WhiteElo "2558"]
[BlackElo "2500"]
[PlyCount "115"]
[EventDate "1999.08.06"]
[EventType "tourn"]
[EventRounds "13"]
[EventCountry "DEN"]

1. e4 e6 2. d4 d5 3. Nd2 Nf6 4. e5 Nfd7 5. c3 c5 6. Bd3 Nc6 7. Ne2 cxd4 8. cxd4
f6 9. exf6 Qxf6 10. Nf3 h6 11. O-O Bd6 12. Bc2 O-O 13. Be3 Rd8 14. Qd2 Bb4 15.
Qd3 Bd6 16. a3 Nf8 17. Qd2 Bd7 18. Bf4 Be8 19. Bxd6 Rxd6 20. Rfe1 Bg6 21. Ba4
a6 22. Bxc6 Rxc6 23. Nc3 Nd7 24. Ne5 Nxe5 25. Rxe5 Rac8 26. Rae1 Bf7 27. R1e3
Qf4 28. g3 Qf6 29. Kg2 b5 30. Rf3 Qd8 31. h4 Qb6 32. Qf4 R8c7 33. h5 Rc4 34.
Ne2 b4 35. b3 Rc2 36. a4 a5 37. g4 Qa6 38. Ng3 R2c3 39. g5 Rxf3 40. Qxf3 hxg5
41. Rxg5 Kh7 42. Qf4 Qc6 43. Rg4 Be8 44. h6 gxh6 45. Qf8 Bg6 46. Nh5 Rf7 47.
Nf6+ Rxf6 48. Qxf6 Qe8 49. Rg3 h5 50. Kh3 Qg8 51. Kh4 Qe8 52. Kg5 e5 53. Qxe5
Qd7 54. Qf6 Qe8 55. Re3 Be4 56. Qh6+ Kg8 57. Rg3 Kf7 58. Qf6+ 1-0

[Event "Nordisk Mesterskab 1999"]
[Site "Gentofte"]
[Date "1999.08.10"]
[Round "5"]
[White "Akesson, Ralf"]
[Black "Borge, Nikolaj"]
[Result "1-0"]
[WhiteElo "2535"]
[BlackElo "2426"]
[PlyCount "61"]
[EventDate "1999.08.06"]
[EventType "tourn"]
[EventRounds "13"]
[EventCountry "DEN"]

1. Nf3 f5 2. d4 Nf6 3. g3 g6 4. b3 Bg7 5. Bb2 O-O 6. Bg2 d6 7. O-O Qe8 8. c4
Nc6 9. d5 Nd8 10. Nc3 a6 11. b4 h6 12. Nd4 g5 13. e3 Ng4 14. Nce2 e5 15. dxe6
c5 16. bxc5 dxc5 17. Ba3 cxd4 18. e7 dxe3 19. f4 Ne6 20. exf8=Q+ Nxf8 21. Rb1
Qh5 22. h3 Nf2 23. Rxf2 exf2+ 24. Kxf2 Ne6 25. Qd5 gxf4 26. Nxf4 Qf7 27. Re1
Ng5 28. Qxf7+ Nxf7 29. Bd5 Bd4+ 30. Kg2 Bd7 31. Bxf7+ 1-0

[Event "Nordisk Mesterskab 1999"]
[Site "Gentofte"]
[Date "1999.08.10"]
[Round "5"]
[White "Persson, Tiger Hillarp"]
[Black "Gunnarsson, Jon Viktor"]
[Result "1-0"]
[WhiteElo "2507"]
[BlackElo "2411"]
[PlyCount "79"]
[EventDate "1999.08.06"]
[EventType "tourn"]
[EventRounds "13"]
[EventCountry "DEN"]

1. d4 Nf6 2. c4 c5 3. d5 b5 4. cxb5 a6 5. b6 Qxb6 6. Nc3 d6 7. Nf3 a5 8. e4
Nbd7 9. Nd2 Ba6 10. Bxa6 Qxa6 11. a4 Ne5 12. Nb5 Nd3+ 13. Kf1 Qb7 14. Nc4 Nb4
15. Bf4 Ra6 16. Qe2 Kd8 17. Rd1 g6 18. e5 Nfxd5 19. exd6 e6 20. Bg3 Bg7 21. h4
Nc6 22. h5 g5 23. h6 Bf6 24. Rxd5 exd5 25. Qf3 Bd4 26. Nxd4 cxd4 27. Qf6+ Kd7
28. Qxf7+ Kc8 29. d7+ Qxd7 30. Nd6+ Kc7 31. Nb5+ Kc8 32. Nd6+ Kc7 33. Ne4+ Kc8
34. Qxd7+ Kxd7 35. Nc5+ Kc8 36. Nxa6 Re8 37. Nc7 Re7 38. Nxd5 Re8 39. f3 d3 40.
Nc3 1-0

[Event "Nordisk Mesterskab 1999"]
[Site "Gentofte"]
[Date "1999.08.10"]
[Round "5"]
[White "Gretarsson, Helgi Ass"]
[Black "Schandorff, Lars"]
[Result "0-1"]
[WhiteElo "2521"]
[BlackElo "2514"]
[PlyCount "54"]
[EventDate "1999.08.06"]
[EventType "tourn"]
[EventRounds "13"]
[EventCountry "DEN"]

1. d4 Nf6 2. c4 g6 3. Nc3 d5 4. Bf4 Bg7 5. e3 c5 6. dxc5 Qa5 7. Rc1 dxc4 8.
Bxc4 O-O 9. Nge2 Qxc5 10. Qb3 Nc6 11. Nb5 Qh5 12. Ng3 Qh4 13. Nc7 g5 14. Nf5
Bxf5 15. Bg3 Nd4 16. exd4 Qe4+ 17. Kf1 Rac8 18. Rd1 Qc6 19. Bb5 Qb6 20. Bc4 Qa5
21. Qb5 Qxb5 22. Bxb5 Rfd8 23. Bc4 e6 24. d5 Ne4 25. d6 Rxc7 26. dxc7 Rxd1+ 27.
Ke2 Rd2+ 0-1

[Event "Nordisk Mesterskab 1999"]
[Site "Gentofte"]
[Date "1999.08.11"]
[Round "6"]
[White "Schandorff, Lars"]
[Black "Gunnarsson, Jon Viktor"]
[Result "1/2-1/2"]
[WhiteElo "2514"]
[BlackElo "2411"]
[PlyCount "101"]
[EventDate "1999.08.06"]
[EventType "tourn"]
[EventRounds "13"]
[EventCountry "DEN"]

1. Nf3 d5 2. d4 Nf6 3. c4 c6 4. Qb3 e6 5. g3 Nbd7 6. Bg2 Be7 7. O-O O-O 8. Bf4
b6 9. Nc3 Bb7 10. cxd5 exd5 11. Rad1 Re8 12. Rfe1 h6 13. Qc2 b5 14. Ne5 Nb6 15.
Rc1 Nfd7 16. Nd3 Bf6 17. e3 a5 18. g4 Rc8 19. h3 Ba6 20. Ne2 b4 21. b3 Bg5 22.
Bh2 Bb5 23. Qd2 Qe7 24. Ng3 g6 25. f4 Bh4 26. Ne5 Nxe5 27. dxe5 c5 28. Red1 Kh7
29. Ne2 f6 30. Kh1 fxe5 31. fxe5 Bxe2 32. Qxe2 Bg5 33. Bxd5 Nxd5 34. Rxd5 Qb7
35. Rcd1 Rcd8 36. e4 Qf7 37. Kg2 a4 38. Bg3 Be7 39. Rf1 Qe6 40. Qc4 Rc8 41. Rc1
axb3 42. axb3 Rc6 43. Ra1 Rec8 44. Ra7 R8c7 45. Rxc7 Rxc7 46. Qb5 Kg7 47. Bf2
Qc6 48. Qc4 Qe6 49. Qb5 Qc6 50. Qc4 Qe6 51. Qb5 1/2-1/2

[Event "Nordisk Mesterskab 1999"]
[Site "Gentofte"]
[Date "1999.08.11"]
[Round "6"]
[White "Gausel, Einar"]
[Black "Hector, Jonny"]
[Result "1-0"]
[WhiteElo "2500"]
[BlackElo "2505"]
[PlyCount "87"]
[EventDate "1999.08.06"]
[EventType "tourn"]
[EventRounds "13"]
[EventCountry "DEN"]

1. c4 Nf6 2. Nc3 e5 3. Nf3 Nc6 4. a3 g6 5. d4 exd4 6. Nxd4 Bg7 7. Bg5 h6 8. Bh4
O-O 9. Nxc6 bxc6 10. e3 Rb8 11. Na4 g5 12. Bg3 Ne4 13. Bd3 Nxg3 14. hxg3 c5 15.
Qc2 d6 16. Bh7+ Kh8 17. Bf5 Be6 18. g4 Qf6 19. Rb1 Rfe8 20. O-O Bxf5 21. gxf5
Re5 22. e4 g4 23. g3 Qg5 24. Kg2 Rbe8 25. Rbe1 R5e7 26. Nc3 c6 27. Rh1 Bd4 28.
Rh4 Kg8 29. Reh1 Bg7 30. Rh5 Qf6 31. R1h4 Kf8 32. Rxg4 Rb7 33. Qc1 Reb8 34. e5
Qxe5 35. Ne4 Qxb2 36. Qxb2 Bxb2 37. f6 d5 38. Rxh6 Ke8 39. Nxc5 Kd8 40. Nxb7+
Rxb7 41. cxd5 cxd5 42. Rb4 Rxb4 43. axb4 Kd7 44. g4 1-0

[Event "Nordisk Mesterskab 1999"]
[Site "Gentofte"]
[Date "1999.08.11"]
[Round "6"]
[White "Hansen, Torbjorn Ringdal"]
[Black "Akesson, Ralf"]
[Result "1/2-1/2"]
[WhiteElo "2259"]
[BlackElo "2535"]
[PlyCount "67"]
[EventDate "1999.08.06"]
[EventType "tourn"]
[EventRounds "13"]
[EventCountry "DEN"]

1. c4 Nf6 2. Nc3 e5 3. Nf3 Nc6 4. e3 Bb4 5. Qc2 Bxc3 6. Qxc3 Qe7 7. a3 d5 8. d4
Nxd4 9. Nxd4 exd4 10. Qxd4 c5 11. Qh4 O-O 12. cxd5 Qe5 13. Be2 Bf5 14. O-O Nxd5
15. Bf3 Rfe8 16. Rd1 Rad8 17. Bd2 Qxb2 18. e4 Nf6 19. Rab1 Qa2 20. Bc3 Rxd1+
21. Rxd1 Bg6 22. Bxf6 gxf6 23. Qxf6 Qe6 24. Qc3 b6 25. h4 h6 26. Rd3 Qe5 27.
Qd2 Bxe4 28. Bxe4 Qxe4 29. Rg3+ Kh7 30. Qd7 Qe6 31. Qd3+ Qe4 32. Qd7 Re7 33.
Qc8 Re8 34. Qd7 1/2-1/2

[Event "Nordisk Mesterskab 1999"]
[Site "Gentofte"]
[Date "1999.08.11"]
[Round "6"]
[White "Agdestein, Simen"]
[Black "Persson, Tiger Hillarp"]
[Result "1-0"]
[WhiteElo "2580"]
[BlackElo "2507"]
[PlyCount "77"]
[EventDate "1999.08.06"]
[EventType "tourn"]
[EventRounds "13"]
[EventCountry "DEN"]

1. d4 Nf6 2. c4 c6 3. Nc3 d5 4. e3 a6 5. Bd3 b5 6. b3 g6 7. Nf3 Bg7 8. O-O O-O
9. Bb2 Bb7 10. Rc1 Nbd7 11. Qe2 Re8 12. Rfd1 Qb6 13. a3 e6 14. Rc2 Rad8 15. Na2
bxc4 16. bxc4 c5 17. Rdc1 cxd4 18. c5 Qb3 19. Nxd4 Qxa2 20. Ra1 Qxb2 21. Rxb2
Nxc5 22. Rc1 Nfd7 23. Rxb7 Nxb7 24. Bxa6 Nbc5 25. Bb5 e5 26. Nc6 Ra8 27. Qa2 d4
28. Bc4 Ne6 29. a4 dxe3 30. fxe3 Bh6 31. Rc3 Ndc5 32. a5 e4 33. Bd5 Ra6 34. Kf1
Bf8 35. Nb4 Rd6 36. Rxc5 Rxd5 37. Nxd5 Bxc5 38. Nf6+ Kf8 39. Nxe8 1-0